UM Logo
Normal view MARC view
  • Portuguese language

Entry Topical Term

Number of records used in: 1

001 - CONTROL NUMBER

  • control field: 52869

003 - CONTROL NUMBER IDENTIFIER

  • control field: OSt

005 - DATE AND TIME OF LATEST TRANSACTION

  • control field: 20240221131617.0

008 - FIXED-LENGTH DATA ELEMENTS

  • fixed length control field: 240221|| aca||aabn | a|a d

040 ## - CATALOGING SOURCE

  • Original cataloging agency: OSt
  • Transcribing agency: OSt

150 ## - HEADING--TOPICAL TERM

  • Topical term or geographic name entry element: Portuguese language
  • General subdivision: Grammar.

670 ## - SOURCE DATA FOUND

  • Source citation: Work cat.: (OSt): Sive, Karen Jacobson, author. 52868, Brazilian Portuguese /, ©2023.